000 00648 a2200193 4500
999 _c29854
_d29854
003 NUST
005 20180118122716.0
008 180118b xxu||||| |||| 00| 0 eng d
020 _a9812380701
020 _a9789812380708
082 _a539.7215
100 1 _aMohapatra, Rabindra N.
_98717
245 1 0 _aMassive neutrinos in physics and astrophysics, third edition /
_cRabindra N. Mohapatra, Palash B. Pal.
250 _a3rd ed.
260 _a[S.l.] :
_bWorld Scientific Publishing Company,
_c2004.
300 _a476 p. ;
_c24 cm.
490 1 _aWorld scientific lecture notes in physics ;
_vVol. 72.
700 1 _aPal, Palash B.
_98718
830 0 _aWorld scientific lecture notes in physics ;
_98719
942 _aSNS
_cBK
_k539.7215 MOH
_2ddc